[Event "Titled Tuesday intern op 11th Mar Early"]
[Site "Chess.com INT"]
[Date "2025.03.11"]
[Round "3"]
[White "Gelman, Alexander"]
[Black "Pagan, Jonathan"]
[Result "1-0"]
[WhiteElo "2403"]
[BlackElo "2117"]
[PlyCount "59"]
[EventDate "2025.03.11"]
[EventType "swiss (blitz)"]
[EventRounds "11"]
[EventCountry "USA"]
[SourceTitle "CB12_2025"]
[SourceDate "2025.03.19"]
[SourceVersion "1"]
[SourceVersionDate "2025.03.19"]
[SourceQuality "1"]

1. d4 Nf6 2. Nc3 d5 3. Bf4 a6 4. e3 e6 5. g4 Bb4 6. Nge2 Nbd7 7. a3 Bd6 8. g5 Nh5 9. Bxd6 cxd6 10. f4 h6 11. Ng3 Nxg3 12. hxg3 Nb6 13. gxh6 Rxh6 14. Rxh6 gxh6 15. Qh5 Qf6 16. a4 Bd7 17. a5 Nc8 18. Bd3 Na7 19. Kd2 0-0-0 20. Rh1 Nc6 21. Qxh6 Qxh6 22. Rxh6 Nxa5 23. Rh7 Rf8 24. g4 b5 25. g5 Nc4+ 26. Bxc4 dxc4 27. Ne4 Kc7 28. Nf6 Kd8 29. g6 Ke7 30. g7 1-0

[Event "Titled Tuesday intern op 11th Mar Early"]
[Site "Chess.com INT"]
[Date "2025.03.11"]
[Round "9"]
[White "Pagan, Jonathan"]
[Black "Neustroev, Victor"]
[Result "1/2-1/2"]
[WhiteElo "2117"]
[BlackElo "2283"]
[PlyCount "89"]
[EventDate "2025.03.11"]
[EventType "swiss (blitz)"]
[EventRounds "11"]
[EventCountry "USA"]
[SourceTitle "CB12_2025"]
[SourceDate "2025.03.19"]
[SourceVersion "1"]
[SourceVersionDate "2025.03.19"]
[SourceQuality "1"]

1. c4 e5 2. g3 c6 3. Nf3 e4 4. Nd4 d5 5. cxd5 Qb6 6. e3 cxd5 7. d3 Nf6 8. Nc3 exd3 9. Qxd3 Nc6 10. Nxc6 bxc6 11. Bg2 Be7 12. 0-0 Ba6 13. Qf5 Bxf1 14. Bxf1 0-0 15. b3 Rad8 16. Bb2 c5 17. Rc1 Qe6 18. Qf3 Ne4 19. Nxe4 dxe4 20. Qh5 Rd2 21. Bc4 Qg6 22. Qxg6 hxg6 23. Bc3 Rxa2 24. Bd5 Rb8 25. Be5 Rd8 26. Rd1 Kf8 27. h4 Ra6 28. Kf1 f6 29. Bc7 Rd7 30. Bf4 Bd6 31. Bxe4 Ke7 32. Rc1 f5 33. Bd3 Ra3 34. Bb5 Rd8 35. Bc4 Bxf4 36. gxf4 a5 37. Kg2 a4 38. bxa4 Rxa4 39. Bb5 Ra2 40. Rxc5 Rdd2 41. Rc7+ Kf6 42. Rc6+ Ke7 43. Rc7+ Kf8 44. Rc8+ Ke7 45. Rc7+ 1/2-1/2

[Event "New York President's Day IM-B"]
[Site "New York"]
[Date "2025.02.16"]
[Round "5"]
[White "Barbosa, Oliver"]
[Black "Pagan, Jonathan"]
[Result "1-0"]
[WhiteElo "2433"]
[BlackElo "2092"]
[PlyCount "113"]
[EventDate "2025.02.14"]
[EventType "tourn"]
[EventRounds "9"]
[EventCountry "USA"]
[SourceTitle "CB08_2025"]
[SourceDate "2025.02.19"]
[SourceVersion "1"]
[SourceVersionDate "2025.02.19"]
[SourceQuality "1"]

1. Nf3 d5 2. c4 d4 3. b4 c5 4. b5 Nd7 5. d3 e5 6. g3 Ngf6 7. Bg2 Bd6 8. 0-0 0-0 9. a4 a6 10. e3 h6 11. Re1 Re8 12. Nbd2 Nf8 13. Ba3 Be6 14. Nb3 Qc7 15. Nfd2 Be7 16. exd4 exd4 17. b6 Qxb6 18. Rb1 Qc7 19. Nxd4 Rab8 20. Nxe6 Nxe6 21. Bb2 Nd7 22. Bd5 Bf6 23. Bxe6 Rxe6 24. Rxe6 fxe6 25. Qe2 Qc6 26. Qe4 Qd6 27. Nf3 b5 28. axb5 axb5 29. Bxf6 Nxf6 30. Qe5 Qxe5 31. Nxe5 b4 32. Ra1 Rb7 33. Kf1 Nd7 34. Nf3 Kf7 35. Ke2 Ke7 36. Nd2 Kd6 37. Nb3 Rc7 38. f4 Nb8 39. Ra5 Nc6 40. Rb5 e5 41. Kd2 exf4 42. Nxc5 fxg3 43. hxg3 Ra7 44. Ke3 Ra1 45. Ne4+ Kc7 46. Rf5 Kb6 47. Nd6 Rg1 48. c5+ Ka6 49. Rf8 Rxg3+ 50. Ke4 Ka7 51. Kd5 Ne7+ 52. Kc4 Rg4+ 53. Kb5 Nd5 54. Rf7+ Kb8 55. Kc6 Rd4 56. Rf8+ Ka7 57. Nb5+ 1-0

[Event "New York President's Day IM-B"]
[Site "New York"]
[Date "2025.02.16"]
[Round "6"]
[White "Pagan, Jonathan"]
[Black "Vertetics, Attila"]
[Result "1-0"]
[WhiteElo "2092"]
[BlackElo "2428"]
[PlyCount "69"]
[EventDate "2025.02.14"]
[EventType "tourn"]
[EventRounds "9"]
[EventCountry "USA"]
[SourceTitle "CB08_2025"]
[SourceDate "2025.02.19"]
[SourceVersion "1"]
[SourceVersionDate "2025.02.19"]
[SourceQuality "1"]

1. d4 Nf6 2. Nf3 e6 3. c4 Bb4+ 4. Bd2 a5 5. g3 b6 6. Bg2 Bb7 7. 0-0 0-0 8. Nc3 d6 9. Rc1 h6 10. Re1 Qe7 11. Qc2 Bxc3 12. Bxc3 Be4 13. Qd1 Nbd7 14. Bh3 c5 15. b3 a4 16. b4 d5 17. bxc5 bxc5 18. dxc5 Qxc5 19. Bd4 Qa3 20. c5 Rfc8 21. c6 Nb8 22. Qd2 Qe7 23. Ne5 Ra6 24. f3 Bh7 25. e4 dxe4 26. Bf1 Ra8 27. Qb2 Na6 28. Bxa6 Rxa6 29. Qb7 Qd8 30. Red1 Raa8 31. Qxf7+ Kh8 32. Qxe6 Bg8 33. Ng6+ Kh7 34. Qf5 Qd5 35. Be5 1-0

[Event "Madrid op"]
[Site "Madrid"]
[Date "2024.06.14"]
[Round "7"]
[White "Pagan, Jonathan"]
[Black "Rodriguez Lopez, Rafael"]
[Result "1-0"]
[WhiteElo "2041"]
[BlackElo "2205"]
[PlyCount "115"]
[EventDate "2024.06.10"]
[EventType "swiss"]
[EventRounds "9"]
[EventCountry "ESP"]
[SourceTitle "CBM 220 Extra"]
[Source "ChessBase"]
[SourceDate "2024.07.31"]
[SourceVersion "1"]
[SourceVersionDate "2024.07.31"]
[SourceQuality "1"]

1. d4 Nf6 2. c4 e6 3. Nf3 b6 4. g3 Bb4+ 5. Bd2 Be7 6. Bg2 c6 7. Nc3 d5 8. Ne5 0-0 9. 0-0 Bb7 10. Qa4 a6 11. cxd5 cxd5 12. Rfc1 b5 13. Qd1 Nfd7 14. Bf4 Nxe5 15. Bxe5 Nc6 16. Bf4 Bf6 17. Be3 Qb6 18. a4 Bxd4 19. Bxd4 Nxd4 20. e3 Nf5 21. a5 Qd8 22. Ne2 Rc8 23. Nd4 Rxc1 24. Qxc1 Nd6 25. b4 Nc4 26. Nb3 Qd6 27. Nc5 Ba8 28. Qc3 Rd8 29. Rd1 Rc8 30. Qa1 f5 31. Qd4 Kh8 32. f4 h6 33. Nd3 Qc7 34. Rc1 Qb8 35. Rc3 Rc6 36. Nc5 Qc7 37. h3 Qc8 38. Nd3 Nxa5 39. Rxc6 Nxc6 40. Qc5 Qd8 41. g4 fxg4 42. hxg4 Kh7 43. e4 dxe4 44. Bxe4+ Kh8 45. Nf2 Qe8 46. g5 e5 47. gxh6 gxh6 48. Qd6 Kg7 49. Ng4 Qd8 50. Qg6+ Kf8 51. Qxh6+ Kf7 52. Qh7+ Ke6 53. Qg6+ Ke7 54. Qf6+ Kd7 55. Bxc6+ Bxc6 56. Nxe5+ Kc7 57. Qxd8+ Kxd8 58. Nxc6+ 1-0

[Event "Madrid op"]
[Site "Madrid"]
[Date "2024.06.11"]
[Round "3"]
[White "Renteria Becerra, Jorge Elicer"]
[Black "Pagan, Jonathan"]
[Result "1/2-1/2"]
[WhiteElo "2204"]
[BlackElo "2041"]
[PlyCount "60"]
[EventDate "2024.06.10"]
[EventType "swiss"]
[EventRounds "9"]
[EventCountry "ESP"]
[SourceTitle "CBM 220 Extra"]
[Source "ChessBase"]
[SourceDate "2024.07.31"]
[SourceVersion "1"]
[SourceVersionDate "2024.07.31"]
[SourceQuality "1"]

1. e4 e5 2. Nf3 Nc6 3. d4 exd4 4. Nxd4 Nf6 5. Nxc6 bxc6 6. Bd3 d5 7. Nc3 Bb4 8. exd5 0-0 9. 0-0 Bg4 10. Be2 Bxe2 11. Qxe2 cxd5 12. Qf3 c6 13. a3 Bd6 14. Bg5 Be5 15. Bf4 Bxf4 16. Qxf4 Rb8 17. b3 Re8 18. Qd4 Qc7 19. h3 h6 20. Qc5 Ne4 21. Nxe4 Rxe4 22. Rad1 Qb7 23. Rfe1 Rbe8 24. Rxe4 Rxe4 25. f3 Re6 26. Qb4 Qc7 27. Re1 c5 28. Qd2 Qe7 29. Rxe6 Qxe6 30. Kf2 Qf5 1/2-1/2